Исследование о возможности уменьшения переходного сопротивления контактной пары алюминий-сталь; Современные техника и технологии; Т. 1

Bibliographic Details
Parent link:Современные техника и технологии: сборник трудов XVII международной научно-практической конференции студентов, аспирантов и молодых ученых, Томск, 18-22 апреля 2011 г/ Национальный исследовательский Томский политехнический университет (ТПУ).— , 2011
Т. 1.— 2011.— [С. 95-96]
Main Author: Назарова М. Е.
Other Authors: Сивков А. А. Александр Анатольевич (научный руководитель)
Summary:Заглавие с титульного экрана
Language:Russian
Published: 2011
Series:Электроэнергетика
Subjects:
Online Access:http://www.lib.tpu.ru/fulltext/c/2011/C01/V01/046.pdf
Format: Electronic Book Chapter
KOHA link:https://koha.lib.tpu.ru/cgi-bin/koha/opac-detail.pl?biblionumber=234556

MARC

LEADER 00000naa2a2200000 4500
001 234556
005 20260209092517.0
035 |a (RuTPU)RU\TPU\book\255680 
035 |a RU\TPU\book\255547 
090 |a 234556 
100 |a 20130326d2011 k y0rusy50 ca 
101 0 |a rus 
102 |a RU 
135 |a drnn ---uucaa 
181 0 |a i  
182 0 |a b 
200 1 |a Исследование о возможности уменьшения переходного сопротивления контактной пары алюминий-сталь  |f М. Е. Назарова  |g науч. рук. А. А. Сивков 
203 |a Текст  |c электронный 
225 1 |a Электроэнергетика 
300 |a Заглавие с титульного экрана 
320 |a [Библиогр.: с. 96 (4 назв.)] 
337 |a Adobe Reader 
461 1 |0 (RuTPU)RU\TPU\book\255301  |t Современные техника и технологии  |o сборник трудов XVII международной научно-практической конференции студентов, аспирантов и молодых ученых, Томск, 18-22 апреля 2011 г  |o в 3 т.  |f Национальный исследовательский Томский политехнический университет (ТПУ)  |d 2011 
463 1 |0 (RuTPU)RU\TPU\book\255306  |t Т. 1  |v [С. 95-96]  |d 2011 
610 1 |a труды учёных ТПУ 
610 1 |a электронный ресурс 
610 1 |a исследование 
610 1 |a переходные сопротивления 
610 1 |a контактные соединения 
610 1 |a алюминий 
610 1 |a сталь 
700 1 |a Назарова  |b М. Е. 
702 1 |a Сивков  |b А. А.  |c специалист в области электроснабжения промышленных предприятий  |c профессор Томского политехнического университета, доктор технических наук  |f 1951-  |g Александр Анатольевич  |4 727 
801 2 |a RU  |b 63413507  |c 20160124  |g RCR 
856 4 |u http://www.lib.tpu.ru/fulltext/c/2011/C01/V01/046.pdf 
942 |c CF